| 000 | 00865cab a2200193 4500 | ||
|---|---|---|---|
| 001 | ##L134910 | ||
| 008 | 060911n2006 000 0 eng u | ||
| 035 | _a(Sirsi) u134910 | ||
| 041 | 0 | _aeng | |
| 100 | 1 | _aBrasse, Jonathan | |
| 245 | 0 | 2 | _aA recipe for disaster |
| 260 | _c2006 | ||
| 490 | 0 |
_aProperty Week _v71(36) 8 September 2006, 32-35(4) |
|
| 520 | _aExamines the growth of the disaster recovery industry, focussing on Sungard, one of two companies which dominate the disaster recovery centre market. The company have disaster recovery centres located in various UK locations, to which companies can relocate in the event of a disaster. Includes a list of alerts and invocations which Sungard disaster recovery centres received in 2005. | ||
| 590 | _aIKA190906 | ||
| 651 | 4 |
_aUnited Kingdom _y |
|
| 690 | _aMANAGEMENT-BUSINESS MANAGEMENT | ||
| 942 | _n0 | ||
| 999 |
_c77703 _d77703 |
||